=LDR 00000nam 2200000 4500 =001 INLIS00000000000061 =005 20260702043538 =020 ##$$a 978-623-473-106-4 =082 ##$$a 959.802 =100 1#$$a Falah Adityani Putri, Panji Futuh Rahman =245 1 $$a Meneladani Semangat Belajar Para Pahlawan Pergerakan Nasional /$c Falah Adityani Putri, Panji Futuh Rahman =300 ##$$a 70 hlm ; 13x19 cm